00706nam a22001937a 450000500170000001000150001702000250003203500130005703700130007008200120008310000200009524500670011526000440018227000900022630000290031694200260034599900170037195201240038820140210105936.0 aENG-109144 a9789383051069c50.00 aEN-92677 bDBAD/PUB a330.954 aKumarappa, J.C. aSwadeshi cby J.C. Kumarappabthe moral law of self reliance / aChennaibUnique Media Integratorsc2013 aNo.8, 6th Cross, 8th Main Road, Vaishanavi Nagar, Thirumullaivoyal bChennaie600109 a61p.c21cm (pbk)  2ddccENmKUMh330.954 c82051d82051 001040718NFICaDBADbDBADd2014-01-21eDBAD/PUBg50.00l0o330.954 KUMpEN-92677r2014-01-21 00:00:00t1v500.00yEN